[Event "GBR-ch U14 106th"]
[Site "Torquay"]
[Date "2019.07.29"]
[Round "2"]
[White "Yoon, Jacob D"]
[Black "Sanitt, Jacqui"]
[Result "1-0"]
[WhiteElo "1963"]
[BlackElo "1114"]
[PlyCount "61"]
[EventDate "2019.07.28"]
[EventType "swiss"]
[EventRounds "7"]
[EventCountry "ENG"]
[SourceTitle "EXT 2020"]
[Source "ChessBase"]
[SourceDate "2019.10.17"]
[SourceVersion "1"]
[SourceVersionDate "2019.10.17"]
[SourceQuality "1"]

1. e4 e6 2. d4 d5 3. Nd2 c5 4. exd5 Qxd5 5. Ngf3 cxd4 6. Bc4 Qd6 7. 0-0 Nf6 8. Nb3 Nc6 9. Nbxd4 Nxd4 10. Nxd4 a6 11. Re1 Qc7 12. Bb3 Bd7 13. Qf3 0-0-0 14. Bg5 Be7 15. Rad1 h6 16. Bf4 Bd6 17. Bxd6 Qxd6 18. Nxe6 Qxd1 19. Rxd1 fxe6 20. h3 Rhe8 21. Qg3 Re7 22. Qe5 b6 23. Rd3 Kb7 24. Qd6 Ree8 25. Rc3 Rc8 26. Rxc8 Bxc8 27. c4 e5 28. c5 bxc5 29. Bf7 Rh8 30. Bd5+ Ka7 31. Qc7+ 1-0

[Event "BCF-ch U12"]
[Site "Hull"]
[Date "2018.08.04"]
[Round "7"]
[White "White, Oliver"]
[Black "Sanitt, Jacqui"]
[Result "0-1"]
[WhiteElo "1600"]
[BlackElo "1390"]
[PlyCount "62"]
[EventDate "2018.07.29"]
[EventType "swiss"]
[EventRounds "7"]
[EventCountry "ENG"]
[SourceTitle "CBM 186 Extra"]
[Source "ChessBase"]
[SourceDate "2018.08.24"]
[SourceVersion "1"]
[SourceVersionDate "2018.08.24"]
[SourceQuality "1"]

1. e4 e6 2. d4 d5 3. e5 c5 4. c3 Nc6 5. Bd3 cxd4 6. cxd4 Nxd4 7. Be3 Nc6 8. f4 Bb4+ 9. Nd2 Nge7 10. Ngf3 0-0 11. Qc2 h6 12. g4 d4 13. Bf2 Bxd2+ 14. Nxd2 Nd5 15. f5 Nxe5 16. Bxd4 Nxg4 17. fxe6 Qh4+ 18. Kd1 Nge3+ 19. Bxe3 Nxe3+ 20. Kc1 Nxc2 21. Bxc2 Bxe6 22. b3 Rac8 23. Kb2 Qd4+ 24. Ka3 Rxc2 25. Nf3 Qb2+ 26. Ka4 Bd5 27. Rhb1 b5+ 28. Kxb5 Rb8+ 29. Ka4 Qxb1 30. h3 Qxa2+ 31. Rxa2 Rxa2# 0-1

[Event "BCF-ch U12"]
[Site "Llandudno"]
[Date "2017.08.04"]
[Round "6"]
[White "Sanitt, Jacqui"]
[Black "Lokwani, Lakshya"]
[Result "1/2-1/2"]
[WhiteElo "1397"]
[BlackElo "1472"]
[PlyCount "105"]
[EventDate "2017.07.30"]
[EventType "swiss"]
[EventRounds "7"]
[EventCountry "WLS"]
[SourceTitle "CBM 179 Extra"]
[Source "ChessBase"]
[SourceDate "2017.08.23"]
[SourceVersion "1"]
[SourceVersionDate "2017.08.23"]
[SourceQuality "1"]

1. e4 e5 2. Nf3 Nc6 3. d4 exd4 4. Nxd4 Bc5 5. Be3 Qf6 6. c3 Nge7 7. Bb5 Nxd4 8. Bxd4 Bxd4 9. cxd4 Qg5 10. Bf1 d5 11. exd5 Nxd5 12. Nc3 Be6 13. Nxd5 Qxd5 14. a3 0-0-0 15. Rc1 Rhe8 16. f3 Qxd4 17. Qxd4 Rxd4 18. Bb5 Bd7+ 19. Be2 Bb5 20. Rc2 Bxe2 21. Rxe2 Rxe2+ 22. Kxe2 Kd7 23. Ke3 Rd6 24. g4 Re6+ 25. Kf4 Re2 26. Rd1+ Ke7 27. Rc1 c6 28. h4 Rxb2 29. Re1+ Kd7 30. Rd1+ Kc7 31. Re1 Rd2 32. g5 Rd7 33. Kg4 Kb6 34. f4 Kb5 35. f5 g6 36. Re8 Rd4+ 37. Kf3 Rxh4 38. f6 Rh3+ 39. Kg4 Rxa3 40. Rf8 Rd3 41. Rxf7 c5 42. Rxb7+ Kc6 43. Rxh7 Rd7 44. f7 Rd8 45. Rg7 Rf8 46. Rxg6+ Kd7 47. Ra6 Rxf7 48. Rxa7+ Ke6 49. Rxf7 Kxf7 50. Kf3 Kg6 51. Ke4 Kxg5 52. Kd5 c4 53. Kxc4 1/2-1/2